[Event "Titled Tuesday intern op 23rd Apr Late"]
[Site "Chess.com INT"]
[Date "2024.04.23"]
[Round "5"]
[White "Feuerstack, Aljoscha"]
[Black "Veinberg, Nimrod"]
[Result "1-0"]
[WhiteElo "2476"]
[BlackElo "2410"]
[PlyCount "95"]
[EventDate "2024.04.23"]
[EventType "swiss (blitz)"]
[EventRounds "11"]
[EventCountry "USA"]
[SourceTitle "CB18_2024"]
[SourceDate "2024.05.01"]
[SourceVersion "1"]
[SourceVersionDate "2024.05.01"]
[SourceQuality "2"]

1. e4 c5 2. Nf3 e6 3. d3 Nc6 4. g3 g6 5. Bg2 Bg7 6. 0-0 Nf6 7. Re1 d5 8. exd5 Nxd5 9. Nbd2 0-0 10. a4 b6 11. Nc4 Qc7 12. h4 Ba6 13. h5 Rad8 14. Qe2 Rfe8 15. c3 e5 16. hxg6 hxg6 17. Ng5 Nf6 18. Bf3 Bc8 19. Qf1 Bf5 20. Be2 e4 21. dxe4 Nxe4 22. Nxe4 Bxe4 23. Ne3 Ne5 24. Qh3 Nf3+ 25. Bxf3 Bxf3 26. g4 Qf4 27. Qg3 Qxg3+ 28. fxg3 Bxg4 29. Kf2 Be6 30. Ng2 Bc4 31. Bg5 Rxe1 32. Rxe1 Rd5 33. Bf4 Rd8 34. Re7 a6 35. Rb7 b5 36. axb5 axb5 37. b3 Bxb3 38. Rxb5 c4 39. Ne3 Bxc3 40. Nd5 Bd4+ 41. Kf3 Kg7 42. Bg5 Bd1+ 43. Ke4 f6 44. Rb7+ Kh8 45. Bxf6+ Bxf6 46. Rb1 Bc2+ 47. Kf4 Bxb1 48. Nxf6 1-0

[Event "Karlsruhe Grenke op"]
[Site "Karlsruhe"]
[Date "2024.03.30"]
[Round "4"]
[White "Hercegovac, Neven"]
[Black "Feuerstack, Aljoscha"]
[Result "0-1"]
[WhiteElo "2312"]
[BlackElo "2471"]
[PlyCount "58"]
[EventDate "2024.03.28"]
[EventType "swiss"]
[EventRounds "9"]
[EventCountry "GER"]
[SourceTitle "CB14_2024"]
[SourceDate "2024.04.01"]
[SourceVersion "1"]
[SourceVersionDate "2024.04.01"]
[SourceQuality "1"]

1. e4 c5 2. Nf3 e6 3. d4 cxd4 4. Nxd4 Nf6 5. Nc3 Nc6 6. Ndb5 Bc5 7. Nd6+ Ke7 8. Bf4 e5 9. Nf5+ Kf8 10. Bg5 d6 11. Bc4 Be6 12. Bb3 h6 13. Bxf6 Qxf6 14. Ne3 g6 15. Qd2 Kg7 16. 0-0-0 Rab8 17. Kb1 b5 18. Ncd5 Qd8 19. g3 a5 20. a4 Nd4 21. Qd3 Nxb3 22. Qxb3 Qd7 23. axb5 Rxb5 24. Qc3 Rc8 25. Qd2 Rxb2+ 26. Kxb2 Qb5+ 27. Nb4 Bxb4 28. Qd3 Bc3+ 29. Kc1 Qb2# 0-1

[Event "Titled Tuesday intern op 09th Jan Early"]
[Site "Chess.com INT"]
[Date "2024.01.09"]
[Round "3"]
[White "Petrukhina, Olga"]
[Black "Feuerstack, Aljoscha"]
[Result "0-1"]
[WhiteElo "2100"]
[BlackElo "2467"]
[PlyCount "96"]
[EventDate "2024.01.09"]
[EventType "swiss (blitz)"]
[EventRounds "11"]
[EventCountry "USA"]
[SourceTitle "CB03_2024"]
[SourceDate "2024.01.17"]
[SourceVersion "1"]
[SourceVersionDate "2024.01.17"]
[SourceQuality "1"]

1. d4 d5 2. c4 c6 3. Nf3 Nf6 4. Nc3 g6 5. g3 Bg7 6. Bg2 0-0 7. Qb3 e6 8. 0-0 a5 9. Bf4 a4 10. Nxa4 dxc4 11. Qc2 Nd5 12. Bd2 b5 13. Nc3 Bb7 14. a3 Nd7 15. e4 Nc7 16. Bf4 e5 17. Nxe5 Ne6 18. Nf3 Nxd4 19. Nxd4 Bxd4 20. Rad1 Nc5 21. Ne2 Nd3 22. Nxd4 Qxd4 23. Rb1 c5 24. Be3 Qe5 25. f3 Rfd8 26. Rfd1 Rd7 27. Bf1 Rad8 28. b3 cxb3 29. Qxb3 c4 30. Qxb5 Qxb5 31. Rxb5 Bc6 32. Rb6 Ba4 33. Rd2 Ne5 34. Rxd7 Rxd7 35. Bh6 Rd8 36. Bxc4 Nxc4 37. Rb4 Ne5 38. Rxa4 Nxf3+ 39. Kf2 Ne5 40. Ke3 Ng4+ 41. Kf4 Nxh6 42. Ra7 f6 43. a4 Nf7 44. a5 Rd2 45. h4 Ra2 46. g4 Ra3 47. h5 Ne5 48. g5 Rf3# 0-1

[Event "Titled Tuesday intern op 19th Dec Early"]
[Site "Chess.com INT"]
[Date "2023.12.19"]
[Round "3"]
[White "Kanyamarala, Trisha"]
[Black "Feuerstack, Aljoscha"]
[Result "0-1"]
[WhiteElo "2184"]
[BlackElo "2464"]
[PlyCount "58"]
[EventDate "2023.12.19"]
[EventType "swiss (blitz)"]
[EventRounds "11"]
[EventCountry "USA"]
[SourceTitle "CB52_2023"]
[SourceDate "2023.12.27"]
[SourceVersion "1"]
[SourceVersionDate "2023.12.27"]
[SourceQuality "1"]

1. c4 c6 2. Nc3 d5 3. e3 g6 4. Nf3 Bg7 5. b3 dxc4 6. Bxc4 b5 7. Bxf7+ Kxf7 8. Ng5+ Ke8 9. Qf3 Nf6 10. d4 b4 11. Nce4 Qd5 12. 0-0 Nxe4 13. Nxe4 Rf8 14. Qg3 Qxe4 15. Bd2 c5 16. Qc7 Bb7 17. f3 Qc6 18. Qg3 Nd7 19. Rac1 Kf7 20. Bxb4 Qd6 21. dxc5 Qxg3 22. hxg3 Rfc8 23. Rfd1 Ke8 24. a4 a5 25. Ba3 Ra6 26. Rc4 Rac6 27. Rh4 h5 28. Re4 Nxc5 29. Red4 Bxd4 0-1

[Event "Vienna Ottakring 100 Years"]
[Site "Vienna"]
[Date "2023.08.28"]
[Round "3"]
[White "Feuerstack, Aljoscha"]
[Black "Vingris, Mikelis"]
[Result "1/2-1/2"]
[WhiteElo "2471"]
[BlackElo "2116"]
[PlyCount "97"]
[EventDate "2023.08.26"]
[EventType "swiss"]
[EventRounds "9"]
[EventCountry "AUT"]
[SourceTitle "EXT 2024"]
[Source "ChessBase"]
[SourceDate "2023.10.10"]
[SourceVersion "1"]
[SourceVersionDate "2023.10.10"]
[SourceQuality "1"]

1. d4 d5 2. c4 c6 3. Nf3 Nf6 4. g3 dxc4 5. Bg2 e6 6. a4 c5 7. dxc5 Qxd1+ 8. Kxd1 Bxc5 9. Ne5 Nbd7 10. Nxd7 Bxd7 11. Bxb7 Rd8 12. Ke1 Ng4 13. f3 Ne3 14. Bxe3 Bxe3 15. Na3 Rb8 16. Nxc4 Bd4 17. a5 Bxb2 18. Rb1 Bd4 19. e3 Bc5 20. Ke2 0-0 21. Rhc1 Ba4 22. Nd2 Be7 23. Rc7 Bd8 24. Rc4 Bd7 25. a6 Bb6 26. Rxb6 axb6 27. Rc7 Bb5+ 28. Ke1 Bxa6 29. Bxa6 Ra8 30. Bb7 Ra7 31. Nc4 Rb8 32. Nd6 Ra1+ 33. Kd2 Rd8 34. Kc2 f6 35. Nb5 Ra2+ 36. Kb3 Re2 37. Rc3 Rxh2 38. Nd4 Rd2 39. Ba6 e5 40. Ne6 Re8 41. Rc7 Rxe6 42. Bc4 Rdd6 43. Re7 b5 44. Bxe6+ Kf8 45. Rf7+ Ke8 46. Rxg7 Rxe6 47. Rxh7 Rd6 48. Kc3 Rd1 49. Rb7 1/2-1/2

[Event "Munich Pfingst op-A 1st"]
[Site "Munich"]
[Date "2023.06.06"]
[Round "9"]
[White "Motylev, Alexander"]
[Black "Feuerstack, Aljoscha"]
[Result "1/2-1/2"]
[WhiteElo "2604"]
[BlackElo "2462"]
[PlyCount "33"]
[EventDate "2023.05.31"]
[EventType "swiss"]
[EventRounds "9"]
[EventCountry "GER"]
[SourceTitle "EXT 2024"]
[Source "ChessBase"]
[SourceDate "2023.10.10"]
[SourceVersion "1"]
[SourceVersionDate "2023.10.10"]
[SourceQuality "1"]

1. e4 c5 2. Nf3 e6 3. c3 d5 4. exd5 Qxd5 5. d4 Nf6 6. Na3 a6 7. Nc4 Nbd7 8. Be2 b5 9. Ne3 Qc6 10. a4 Bb7 11. axb5 axb5 12. Rxa8+ Bxa8 13. dxc5 Qxc5 14. Nd4 b4 15. Qa4 Qc8 16. 0-0 bxc3 17. bxc3 1/2-1/2

[Event "Munich Pfingst op-A 1st"]
[Site "Munich"]
[Date "2023.06.04"]
[Round "6"]
[White "Bharath, Subramaniyam H"]
[Black "Feuerstack, Aljoscha"]
[Result "1-0"]
[WhiteElo "2517"]
[BlackElo "2462"]
[PlyCount "111"]
[EventDate "2023.05.31"]
[EventType "swiss"]
[EventRounds "9"]
[EventCountry "GER"]
[SourceTitle "CBM 214 Extra"]
[Source "ChessBase"]
[SourceDate "2023.07.31"]
[SourceVersion "1"]
[SourceVersionDate "2023.07.31"]
[SourceQuality "1"]

1. e4 c5 2. Nf3 e6 3. d4 cxd4 4. Nxd4 Nf6 5. Nc3 Nc6 6. a3 Be7 7. Be3 0-0 8. Be2 d6 9. Qd2 Nxd4 10. Qxd4 e5 11. Qd2 Be6 12. 0-0-0 Ng4 13. Bxg4 Bxg4 14. f3 Be6 15. Nd5 Bxd5 16. Qxd5 Qc7 17. Qb3 Rfc8 18. Rd3 b5 19. Rhd1 Qb7 20. Rd5 a6 21. Bd2 Rc6 22. Bb4 Qc7 23. Qd3 Rc8 24. c3 Rd8 25. a4 Qa7 26. Rxe5 bxa4 27. Ra5 h6 28. Kb1 Bf6 29. Rxa4 Rb8 30. f4 Qc7 31. e5 dxe5 32. Bd6 Rxd6 33. Qxd6 Qc8 34. fxe5 Qf5+ 35. Qd3 Qxe5 36. Rxa6 Qxh2 37. Qf3 Qe5 38. Ra8 Rxa8 39. Qxa8+ Kh7 40. Qd5 Qf4 41. Re1 Qf2 42. Rd1 Qf4 43. c4 Qf2 44. Rd2 Qg1+ 45. Kc2 Bg5 46. Re2 Qc1+ 47. Kb3 Qf1 48. Qd3+ g6 49. c5 Qg1 50. Qc4 Kg7 51. c6 Qb6+ 52. Kc2 Bf6 53. Kb1 Qc7 54. Rd2 Qb8 55. c7 Qc8 56. Rd7 1-0

[Event "Munich Pfingst op-A 1st"]
[Site "Munich"]
[Date "2023.06.03"]
[Round "4"]
[White "Trost, Edvin"]
[Black "Feuerstack, Aljoscha"]
[Result "1/2-1/2"]
[WhiteElo "2399"]
[BlackElo "2462"]
[PlyCount "22"]
[EventDate "2023.05.31"]
[EventType "swiss"]
[EventRounds "9"]
[EventCountry "GER"]
[SourceTitle "CBM 214 Extra"]
[Source "ChessBase"]
[SourceDate "2023.07.31"]
[SourceVersion "1"]
[SourceVersionDate "2023.07.31"]
[SourceQuality "1"]

1. d4 d5 2. c4 e6 3. Nf3 Nf6 4. g3 dxc4 5. Bg2 Bb4+ 6. Bd2 a5 7. Qc2 c5 8. dxc5 Bxc5 9. Qxc4 Nbd7 10. Nc3 b6 11. 0-0 0-0 1/2-1/2

[Event "BL2-Nord 2223"]
[Site "Germany"]
[Date "2023.03.18"]
[Round "9.3"]
[White "Feuerstack, Aljoscha"]
[Black "Fish, Gennadij"]
[Result "1-0"]
[WhiteElo "2464"]
[BlackElo "2450"]
[PlyCount "81"]
[EventDate "2022.10.22"]
[EventType "team-tourn"]
[EventRounds "10"]
[EventCountry "GER"]
[SourceTitle "EXT 2024"]
[Source "ChessBase"]
[SourceDate "2023.10.10"]
[SourceVersion "1"]
[SourceVersionDate "2023.10.10"]
[SourceQuality "1"]
[WhiteTeam "St Pauli"]
[BlackTeam "Werder Bremen II"]
[WhiteTeamCountry "GER"]
[BlackTeamCountry "GER"]

1. d4 Nf6 2. c4 e6 3. g3 d5 4. Bg2 c5 5. cxd5 exd5 6. Nf3 Nc6 7. 0-0 Be7 8. Nc3 Be6 9. dxc5 Bxc5 10. Na4 Be7 11. Be3 Ne4 12. Nd4 Nxd4 13. Qxd4 Bf6 14. Qb4 Qe7 15. Nc5 0-0 16. Bxe4 dxe4 17. Qxe4 Bh3 18. Rfd1 Qxe4 19. Nxe4 Bxb2 20. Rab1 Bf5 21. f3 Bxe4 22. fxe4 Bf6 23. Rxb7 Rfe8 24. Rb4 Re6 25. Rd7 h6 26. Kg2 a5 27. Ra4 Bc3 28. Rc4 Bb4 29. Rd5 Rb8 30. Bc1 Ra6 31. Kf3 Be7 32. Bf4 Rb2 33. Rc8+ Kh7 34. Rc7 Re6 35. e5 Rxa2 36. Rdd7 Bf8 37. Rxf7 Kg8 38. Rfd7 g5 39. Rc8 gxf4 40. gxf4 Ra3+ 41. Ke4 1-0

[Event "Bayern-chI Bank Hofmann 25th"]
[Site "Tegernsee"]
[Date "2022.11.12"]
[Round "8"]
[White "Langheinrich, Ferenc"]
[Black "Feuerstack, Aljoscha"]
[Result "1-0"]
[WhiteElo "2368"]
[BlackElo "2467"]
[PlyCount "75"]
[EventDate "2022.11.05"]
[EventType "swiss"]
[EventRounds "9"]
[EventCountry "GER"]
[SourceTitle "CBM 211 Extra"]
[Source "ChessBase"]
[SourceDate "2023.01.31"]
[SourceVersion "1"]
[SourceVersionDate "2023.01.31"]
[SourceQuality "1"]

1. e4 c5 2. Nf3 e6 3. b3 b6 4. Bb2 Bb7 5. Qe2 Nc6 6. Na3 a6 7. h4 Qc7 8. e5 Nd4 9. Nxd4 cxd4 10. Nc4 b5 11. Nd6+ Bxd6 12. exd6 Qxd6 13. Qg4 Qe5+ 14. Kd1 Be4 15. d3 Bc6 16. Qxd4 Qxd4 17. Bxd4 Ne7 18. f3 Nf5 19. Bf2 e5 20. Kd2 f6 21. d4 Nxd4 22. Bxd4 exd4 23. Kd3 0-0 24. Kxd4 Rfe8 25. Bd3 Re5 26. b4 h6 27. Rhe1 Rh5 28. g3 Bxf3 29. a4 Bc6 30. axb5 Rd5+ 31. Kc3 Bxb5 32. Ra5 Kf8 33. Kb3 Rb8 34. Re3 Rd4 35. c4 Bc6 36. Kc3 Rd6 37. Rxa6 Ra8 38. Bg6 1-0

[Event "GER-ch Rapid 48th"]
[Site "Goettingen"]
[Date "2022.09.24"]
[Round "1"]
[White "Feuerstack, Aljoscha"]
[Black "Hagner, Bennet"]
[Result "1-0"]
[WhiteElo "2464"]
[BlackElo "2253"]
[PlyCount "61"]
[EventDate "2022.09.24"]
[EventType "swiss (rapid)"]
[EventRounds "9"]
[EventCountry "GER"]
[SourceTitle "CBM 210 Extra"]
[Source "ChessBase"]
[SourceDate "2022.11.30"]
[SourceVersion "1"]
[SourceVersionDate "2022.11.30"]
[SourceQuality "1"]

1. e4 e5 2. Nf3 Nc6 3. Bb5 a6 4. Ba4 Nf6 5. Nc3 Bc5 6. Bxc6 dxc6 7. d3 0-0 8. Bg5 h6 9. Bh4 Re8 10. Qd2 Bg4 11. 0-0-0 Qd6 12. h3 Bxf3 13. gxf3 Nh5 14. Ne2 a5 15. Rhg1 Kh7 16. f4 exf4 17. d4 f3 18. e5 Qe6 19. Qd3+ g6 20. Qxf3 Bb4 21. a3 Be7 22. Bxe7 Rxe7 23. Nc3 Rd8 24. Kb1 Red7 25. Qe3 Qc4 26. Rg4 f5 27. exf6 Nxf6 28. Rh4 h5 29. Rg1 Rxd4 30. Qe7+ Kh6 31. Qxf6 1-0

[Event "GER-ch 93rd"]
[Site "Magdeburg"]
[Date "2022.08.19"]
[Round "8"]
[White "Malek, Daniel"]
[Black "Feuerstack, Aljoscha"]
[Result "0-1"]
[WhiteElo "2365"]
[BlackElo "2477"]
[PlyCount "42"]
[EventDate "2022.08.14"]
[EventType "swiss"]
[EventRounds "9"]
[EventCountry "GER"]
[SourceTitle "CBM 209 Extra"]
[Source "ChessBase"]
[SourceDate "2022.09.30"]
[SourceVersion "1"]
[SourceVersionDate "2022.09.30"]
[SourceQuality "1"]

1. e4 c5 2. Nf3 e6 3. g3 d5 4. exd5 exd5 5. d4 cxd4 6. Nxd4 Nc6 7. Bg2 Bc5 8. Nxc6 bxc6 9. 0-0 Nf6 10. c4 0-0 11. cxd5 Ba6 12. Re1 cxd5 13. Nc3 Qb6 14. Be3 d4 15. Na4 dxe3 16. Nxb6 exf2+ 17. Kh1 fxe1Q+ 18. Qxe1 Bxb6 19. Bxa8 Rxa8 20. h3 Re8 21. Qc3 Bb7+ 0-1

[Event "GER-ch 93rd"]
[Site "Magdeburg"]
[Date "2022.08.18"]
[Round "7"]
[White "Feuerstack, Aljoscha"]
[Black "Dobrikov, Marco"]
[Result "1/2-1/2"]
[WhiteElo "2477"]
[BlackElo "2223"]
[PlyCount "129"]
[EventDate "2022.08.14"]
[EventType "swiss"]
[EventRounds "9"]
[EventCountry "GER"]
[SourceTitle "CBM 209 Extra"]
[Source "ChessBase"]
[SourceDate "2022.09.30"]
[SourceVersion "1"]
[SourceVersionDate "2022.09.30"]
[SourceQuality "1"]

1. e4 c5 2. c3 Nf6 3. e5 Nd5 4. Nf3 Nc6 5. Bc4 Nb6 6. Bb3 d5 7. exd6 Qxd6 8. 0-0 Be6 9. Bxe6 Qxe6 10. a4 Qd7 11. a5 Nd5 12. a6 b6 13. d4 cxd4 14. Nxd4 e6 15. Qg4 Nxd4 16. Qxd4 Nf6 17. Be3 Bc5 18. Qe5 Bxe3 19. Qxe3 0-0 20. Na3 Rfd8 21. h3 Qc6 22. Rfd1 h6 23. Rd4 Rd5 24. c4 Rxd4 25. Qxd4 Qa4 26. Rd1 Qxa6 27. Rd3 Qb7 28. b4 a5 29. b5 Qc7 30. Qd6 Rc8 31. Qxc7 Rxc7 32. Rd8+ Kh7 33. Rd6 Nd7 34. c5 bxc5 35. Nc4 Rb7 36. Nxa5 Rxb5 37. Rxd7 Rxa5 38. Rxf7 Kg6 39. Rc7 Ra1+ 40. Kh2 Rc1 41. Kg3 c4 42. Kf3 c3 43. Ke2 Kf6 44. Kd3 Rh1 45. Ke2 Rg1 46. g3 Rc1 47. Kd3 g5 48. Rxc3 Rh1 49. Ke4 Rxh3 50. Rc1 h5 51. Kf3 Rh2 52. Ra1 Kf5 53. Rb1 h4 54. Rb5+ e5 55. gxh4 gxh4 56. Rb4 h3 57. Rh4 Rh1 58. Kg3 Rg1+ 59. Kxh3 Rh1+ 60. Kg3 Rxh4 61. Kxh4 Kf4 62. Kh5 e4 63. Kg6 Kf3 64. Kf5 Kxf2 65. Kxe4 1/2-1/2

[Event "BL2-Nord 2122"]
[Site "Germany"]
[Date "2022.06.18"]
[Round "7.1"]
[White "Feuerstack, Aljoscha"]
[Black "Schmidek, Emil"]
[Result "1-0"]
[WhiteElo "2488"]
[BlackElo "2383"]
[PlyCount "51"]
[EventDate "2022.03.05"]
[EventType "team-tourn"]
[EventRounds "10"]
[EventCountry "GER"]
[SourceTitle "EXT 2023"]
[Source "ChessBase"]
[SourceDate "2022.10.05"]
[SourceVersion "1"]
[SourceVersionDate "2022.10.05"]
[SourceQuality "1"]
[WhiteTeam "St Pauli"]
[BlackTeam "Berlin SF II"]
[WhiteTeamCountry "GER"]
[BlackTeamCountry "GER"]

1. d4 d5 2. c4 e6 3. Nf3 Nf6 4. g3 dxc4 5. Bg2 c6 6. 0-0 b5 7. Ne5 Bb7 8. b3 cxb3 9. Qxb3 Qxd4 10. Bf4 Nd5 11. Rd1 Qb4 12. Qf3 Nxf4 13. gxf4 Be7 14. Nc3 a6 15. Rab1 Qa5 16. Rd3 Ra7 17. Qh5 Rf8 18. Ne4 c5 19. Nd6+ Bxd6 20. Rxd6 g6 21. Qxh7 Bxg2 22. Kxg2 Qa4 23. Rbd1 Qe4+ 24. Kg3 Ke7 25. Qh4+ g5 26. Qxg5+ 1-0

[Event "GER-CupT 2122 Round2 (3)"]
[Site "Viernheim"]
[Date "2022.05.21"]
[Round "1.2"]
[White "Feuerstack, Aljoscha"]
[Black "Fedorchuk, Sergey A"]
[Result "1/2-1/2"]
[WhiteElo "2488"]
[BlackElo "2606"]
[PlyCount "144"]
[EventDate "2022.05.21"]
[EventType "team-k.o."]
[EventRounds "2"]
[EventCountry "GER"]
[SourceTitle "EXT 2023"]
[Source "ChessBase"]
[SourceDate "2022.10.05"]
[SourceVersion "1"]
[SourceVersionDate "2022.10.05"]
[SourceQuality "1"]
[WhiteTeam "St Pauli"]
[BlackTeam "Viernheim"]
[WhiteTeamCountry "GER"]
[BlackTeamCountry "GER"]

1. e4 c5 2. c3 d5 3. exd5 Qxd5 4. d4 e6 5. Nf3 Nf6 6. Na3 Nc6 7. Be3 cxd4 8. Nb5 Qd7 9. Nbxd4 Nd5 10. Bg5 Bd6 11. Bc4 h6 12. Bh4 Nf4 13. 0-0 a6 14. Qd2 Na5 15. Bb3 Nxb3 16. axb3 Ng6 17. Bg3 Bxg3 18. hxg3 0-0 19. b4 Qc7 20. Rfd1 Bd7 21. Qe3 Rad8 22. Ra5 e5 23. Nxe5 Rfe8 24. Rc5 Bc6 25. Re1 Rd5 26. Ndxc6 bxc6 27. f4 f6 28. Nxg6 Rxe3 29. Rxe3 Rxc5 30. bxc5 Qd8 31. f5 h5 32. b4 Kh7 33. Nf4 Qd1+ 34. Kh2 Qg4 35. Ne6 Qxf5 36. Nd4 Qd5 37. Re6 Qc4 38. Re3 a5 39. bxa5 Qxc5 40. a6 Qa7 41. Re6 Qxa6 42. Rxc6 Qd3 43. Rc5 g5 44. Nf3 Qe3 45. Rd5 Kg6 46. c4 Qe6 47. Rd4 Qc6 48. Kh1 Qc7 49. Kh2 Kg7 50. Re4 Kf7 51. Rd4 Ke6 52. Nh4 gxh4 53. Rxh4 Qe5 54. Rf4 Kd6 55. Rh4 Kc5 56. Rf4 Kb4 57. Rh4 Kb3 58. Rf4 Kc3 59. Rh4 Kb4 60. Rf4 f5 61. Rh4 Qe4 62. Rxh5 f4 63. gxf4 Qxf4+ 64. Kh1 Kc3 65. Rh3+ Kd2 66. Rf3 Qxc4 67. Kg1 Ke2 68. Rh3 Qc1+ 69. Kh2 Qf4+ 70. Kg1 Qf1+ 71. Kh2 Qf4+ 72. Kg1 Qf1+ 1/2-1/2

[Event "BL2-Nord 2122"]
[Site "Germany"]
[Date "2022.03.06"]
[Round "2.1"]
[White "Gungl, Theo"]
[Black "Feuerstack, Aljoscha"]
[Result "1/2-1/2"]
[WhiteElo "2393"]
[BlackElo "2488"]
[PlyCount "86"]
[EventDate "2022.03.05"]
[EventType "team-tourn"]
[EventRounds "10"]
[EventCountry "GER"]
[SourceTitle "EXT 2023"]
[Source "ChessBase"]
[SourceDate "2022.10.05"]
[SourceVersion "1"]
[SourceVersionDate "2022.10.05"]
[SourceQuality "1"]
[WhiteTeam "Magdeburg"]
[BlackTeam "St Pauli"]
[WhiteTeamCountry "GER"]
[BlackTeamCountry "GER"]

1. d4 Nf6 2. c4 e6 3. Nc3 d5 4. Nf3 c5 5. cxd5 Nxd5 6. e4 Nxc3 7. bxc3 cxd4 8. cxd4 Bb4+ 9. Bd2 Bxd2+ 10. Qxd2 0-0 11. Bc4 Nd7 12. 0-0 b6 13. d5 Nc5 14. Rfd1 exd5 15. Bxd5 Bb7 16. Bxb7 Qxd2 17. Rxd2 Nxb7 18. Nd4 Rfc8 19. Nf5 Rc4 20. f3 Rd8 21. Rad1 Rxd2 22. Rxd2 g6 23. Ne3 Ra4 24. g4 h6 25. h4 Nc5 26. Kf2 Ra3 27. Nc4 Rc3 28. Ne5 Kg7 29. g5 hxg5 30. hxg5 Ne6 31. Rd7 Nxg5 32. Rxa7 Kf6 33. Ng4+ Ke6 34. Ne3 Nh3+ 35. Ke2 Nf4+ 36. Kf2 f5 37. exf5+ gxf5 38. Rb7 Rc6 39. Rh7 Ke5 40. Rf7 Nd3+ 41. Ke2 Nf4+ 42. Kd2 Rd6+ 43. Kc2 Ke6 1/2-1/2